Cuentos de Navidad y Reyes / (Registro nro. 11775)
[ vista simple ]
| 000 -LIDER | |
|---|---|
| fixed length control field | 00984nam a22003137a 4500 |
| 001 - NÚMERO DE CONTROL | |
| Identificador de número de control | 000638 |
| 003 - IDENTIFICACDOR DE NÚMERO DE CONTROL | |
| control field | DO-SdBNP |
| 005 - DATE AND TIME OF LATEST TRANSACTION | |
| control field | 20180208104058.0 |
| 007 - CAMPOS FIJOS DE DESCRIPCIÓN FÍSICA | |
| fixed length control field | ta |
| 008 - ELEMENTOS DE LONGITUD FIJA | |
| fixed length control field | 161104b 2008 sp a ||||| |||| 00| 0 spa d |
| 020 ## - ISBN | |
| International Standard Book Number | 9789705802096 |
| 040 ## - FUENTE DE CATALOGACIÓN | |
| Agencia que crea de manera original el registro | BPMSU |
| Idioma de catalogación | spa |
| Agencia que realiza la transcripción | BPMSU |
| 245 00 - MENCIÓN DE TITULO | |
| Título | Cuentos de Navidad y Reyes / |
| Mención de responsabilidad | Hans Christian Andersen...[et.al] ; ilustraciones de Allan Ramírez |
| 260 ## - PUBLICACIÓN, DISTRIBUCIÓN, ETC. (PIE DE IMPRENTA) | |
| Lugar de publicación, distribución, etc | Madrid : |
| Nombre del editor, distribuidor, etc. | Alfaguara, |
| Fecha de publicación, distribución, etc | 2008. |
| Fecha de impresión | (1a. reimpressión) |
| 300 ## - DESCRIPCIÓN FÍSICA | |
| Extensión | 105 p. : |
| Otros detalles físicos | il., |
| Dimensiones | 20 cm. |
| 490 1# - MENCIÓN DE SERIES | |
| Mención de serie | Infantil naranja |
| 500 ## - NOTA GENERAL | |
| Nota general | Incluye datos biográficos de los autores. |
| 500 ## - NOTA GENERAL | |
| Nota general | Primera reimpresión: abril de 2008. |
| 700 1# - ASIENTO SECUNDARIO -- NOMBRE PERSONAL | |
| Nombre personal | Andersen, Hans Christian, |
| 700 1# - ASIENTO SECUNDARIO -- NOMBRE PERSONAL | |
| Nombre personal | Chejov, Antón |
| 700 1# - ASIENTO SECUNDARIO -- NOMBRE PERSONAL | |
| Nombre personal | O`Henry |
| 700 1# - ASIENTO SECUNDARIO -- NOMBRE PERSONAL | |
| Nombre personal | Maupassant, Guy de |
| 700 1# - ASIENTO SECUNDARIO -- NOMBRE PERSONAL | |
| Nombre personal | Nervo, Amado |
| 700 1# - ASIENTO SECUNDARIO -- NOMBRE PERSONAL | |
| Nombre personal | Ramírez, Allan, |
| Mención de responsabilidad | il. |
| 830 #0 - ASIENTO SECUNDARIO DE SERIE--TÍTULO UNIFORME | |
| Título uniforme | Infantil naranja |
| 942 ## - ADDED ENTRY ELEMENTS (KOHA) | |
| Source of classification or shelving scheme | Dewey Decimal Classification |
| Koha item type | Libros |
| 945 ## - INFORMACIÓN DE PROCESAMIENTO LOCAL | |
| Información de procesamiento local | Inventariado, 2018/MFF |
| 956 ## - LOCAL ELECTRONIC LOCATION AND ACCESS (OCLC) | |
| Método de acceso | LOPEREZ |
| Materiales especificados | 10 |
| Enlace | 20161104 |
| Campo enlazado y núm. de secuencia | BPMSU |
| Nombre de host | 00041 |
| Withdrawn status | Lost status | Source of classification or shelving scheme | Damaged status | Not for loan | Collection code | Home library | Current library | Date acquired | Source of acquisition | Total Checkouts | Barcode | Date last seen | Price effective from | Koha item type | Copy number |
|---|---|---|---|---|---|---|---|---|---|---|---|---|---|---|---|
| Dewey Decimal Classification | Colección Infantil General | Biblioteca Pública Metropolitana Salomé Ureña | Biblioteca Pública Metropolitana Salomé Ureña | 11/04/2016 | Alfaguara | BPMSU16110047 | 11/04/2016 | 11/04/2016 | Libros | ||||||
| Dewey Decimal Classification | Colección Infantil General | Biblioteca Pública Metropolitana Salomé Ureña | Biblioteca Pública Metropolitana Salomé Ureña | 11/04/2016 | Alfaguara | BPMSU16110048 | 11/04/2016 | 11/04/2016 | Libros | e. 2 | |||||
| Dewey Decimal Classification | Colección Infantil General | Biblioteca Pública Metropolitana Salomé Ureña | Biblioteca Pública Metropolitana Salomé Ureña | 11/04/2016 | Alfaguara | BPMSU16110049 | 11/04/2016 | 11/04/2016 | Libros | e. 3 |